|
|
|
|
| LEADER |
00908nam a22002537a 4500 |
| 001 |
AAL5049 |
| 003 |
BD-DhAAL |
| 005 |
20190120104704.0 |
| 008 |
151123s2003 bg 000 1 ben |
| 999 |
|
|
|c 36289
|d 36289
|
| 010 |
|
|
|a 2003309850
|
| 020 |
|
|
|a 9848130543
|
| 040 |
|
|
|a DLC
|c DLC
|d BD-DhAAL
|
| 082 |
|
|
|a 891.440954929
|
| 100 |
1 |
|
|a চৌধুরী, আফসান
|9 16496
|
| 245 |
1 |
0 |
|a আফসান চৌধুরীর ছোটগল্প
|
| 260 |
|
|
|a ঢাকা :
|b শ্রাবন প্রকাশনী,
|c ২০০৩.
|
| 300 |
|
|
|a ৮০ পৃ. ;
|c ২২ সে.মি.
|
| 500 |
|
|
|a Short stories.
|
| 541 |
|
|
|e 5049
|
| 546 |
|
|
|a In Bengali.
|
| 650 |
|
|
|a Short stories, Bengali
|9 16497
|z Bangladesh
|
| 942 |
|
|
|2 ddc
|c BK
|
| 952 |
|
|
|0 0
|1 0
|2 ddc
|4 0
|6 891_440954929000000_CHO
|7 0
|9 57042
|a SCL
|b SCL
|c GEN
|d 2015-11-23
|g 90.00
|l 0
|o 891.440954929 CHO
|p 3020005049
|r 2015-11-23
|t 1
|w 2015-11-23
|y BK
|